000 00815nam0a22002771 4500
001 rc\3709136
005 20250610102332.0
021 _aRU
_b[73-28044]
035 _a(NLR Aleph) 007857124
090 _a7792505
_c7792505
100 _a20130115d1973 |||y0rusy50 ca
101 0 _arus
102 _aRU
105 _aa z |||||
200 1 _aЛамаизм
_fАН СССР
210 _aМосква
_cНаука
_d1973
215 _a199 с.
_cил.
_d20
225 1 _aНаучно-атеистическая серия
320 _aСписок лит. в примеч.: с. 191-197
606 _aЛамаизм
_2psbo
700 1 _aКочетов
_bА.Н.
_gАлексей Николаевич
801 0 _aRU
_bNLR
_gpsbo
801 1 _aRU
_bELAR
_2rusmarc
852 _aNLR
_j73-3/1690
942 _cBOOK
980 _aNB